Využívanie regionálnych produktov v rozvoji cestovného ruchu v Banskobystrickom kraji
Štruktúra Banskobystrických regionálnych produktov. Aktivita manažmentu vybraných miestnych organizácií, podielajúcich sa na zdokonalovaní regionálnych výrobkov. Pozitívny efekt regionálnych výrobkov pre rozvoj turizmu a miestnu ekonomiku. Ťažkosti, brániace rozvíjaniu sa regionálnych výrobkov.
Gespeichert in:
| 1. Verfasser: | |
|---|---|
| Weitere Verfasser: | |
| Format: | Buchkapitel |
| Sprache: | Slowakisch |
| Schlagworte: | |
| Tags: |
Keine Tags, Fügen Sie das erste Tag hinzu!
|
MARC
| LEADER | 00000naa a2200000 4500 | ||
|---|---|---|---|
| 001 | 0282093 | ||
| 005 | 20240417075155.3 | ||
| 041 | 0 | |a slo | |
| 044 | |a SK | ||
| 245 | 1 | 0 | |a Využívanie regionálnych produktov v rozvoji cestovného ruchu v Banskobystrickom kraji |c Diana Kvasnová, Simona Endrészová |
| 520 | |a Štruktúra Banskobystrických regionálnych produktov. Aktivita manažmentu vybraných miestnych organizácií, podielajúcich sa na zdokonalovaní regionálnych výrobkov. Pozitívny efekt regionálnych výrobkov pre rozvoj turizmu a miestnu ekonomiku. Ťažkosti, brániace rozvíjaniu sa regionálnych výrobkov. | ||
| 610 | 2 | 0 | |a kraje |
| 610 | 2 | 0 | |a Slovensko |
| 610 | 2 | 0 | |a produkt regionálny |
| 610 | 2 | 0 | |a rozvoj hospodársky |
| 610 | 2 | 0 | |a rozvoj regionálny |
| 100 | 1 | |a Kvasnová, Diana | |
| 700 | 1 | |a Endrészová, Simona | |